American Territories Quiz Stats

 Plays Quiz not verified by Sporcle

Challenge
Share
Tweet
Embed
Score 0/14 Timer 08:00
0 Plays Today
Territory % Correct
Puerto Rico
97.6%
Guam
92.3%
United States Virgin Islands
85.2%
American Samoa
78.1%
Midway Islands
48.5%
Northern Mariana Islands
46.2%
Wake Island
40.8%
Territory % Correct
Johnston Atoll
34.3%
Jarvis Island
27.8%
Baker Island
27.2%
Palmyra Atoll
26.6%
Howland Island
26%
Navassa Island
21.9%
Kingman Reef
18.3%

You're not logged in!

Compare scores with friends on all Sporcle quizzes.
Join for Free
OR
Log In

You Might Also Like...

Show Comments

Extras

Top Quizzes Today


Score Distribution

Your Account Isn't Verified!

In order to create a playlist on Sporcle, you need to verify the email address you used during registration. Go to your Sporcle Settings to finish the process.

Report this User

Report this user for behavior that violates our Community Guidelines.

Details: